MOBILE ROBOTICS DEVICES

Bibliographic Details
Main Authors: Novák-Marcinčin, Jozef, 1964-2014 (Author), Kárník, Ladislav (Author)
Format: Article
Language:Slovak
ISBN:8070994533

MARC

LEADER 00000naa a2200000uu 4500
001 vtls010932058
003 SK-MaSNL
005 20260302122350.0
008 210910|1999 xo |||||||||||||||||slo|
015 |a SNBRA 
035 |a (urnnbn)urn:nbn:sk:snk:ar-a0b4mf 
035 |a (uuid)5012a4b5-8efa-4a4b-9e00-68104bd5c38d 
035 |a urn:nbn:sk:snk-aatx3y 
040 |a SNKBUCL  |b slo  |c SNKBUCL  |e AACR2 
041 0 |a slo 
044 |a xo  |c SK 
100 1 |a Novák-Marcinčin, Jozef,  |d 1964-2014  |4 aut  |9 112709 
245 1 0 |a MOBILE ROBOTICS DEVICES  |c Jozef Novák-Marcinčin, Ladislav Kárník 
246 3 |a MOBILNÉ ROBOTICKÉ ZARIADENIA 
700 1 |a Kárník, Ladislav  |4 aut  |9 788007 
773 0 |t ROBTEP '99  |d V Košiciach : Technická univerzita, 1999  |g S. 153-156  |z 8070994533 
958 |a OND 
958 |a article11 
958 |a chapter 
999 |c 1277583  |d 1279513